| 000 -LEADER |
| fixed length control field |
nam a22 a 4500 |
| 003 - CONTROL NUMBER IDENTIFIER |
| control field |
AM-YeNLA |
| 005 - DATE AND TIME OF LATEST TRANSACTION |
| control field |
20260209115641.0 |
| 007 - PHYSICAL DESCRIPTION FIXED FIELD--GENERAL INFORMATION |
| fixed length control field |
ta |
| 008 - FIXED-LENGTH DATA ELEMENTS--GENERAL INFORMATION |
| fixed length control field |
260209s2025 ai ||||fr|||||000|0|arm|| |
| 020 ## - INTERNATIONAL STANDARD BOOK NUMBER |
| International Standard Book Number |
978-9939-0-5600-5 |
| 040 ## - CATALOGING SOURCE |
| Language of cataloging |
arm |
| Transcribing agency |
AM-YeNLA |
| 041 0# - LANGUAGE CODE |
| Language code of text/sound track or separate title |
arm |
| 100 1# - MAIN ENTRY--PERSONAL NAME |
| Personal name |
Քոչարյան, Ռոմիկ |
| 245 10 - TITLE STATEMENT |
| Title |
Հերմենևտիկան և պատմությունը : |
| Number of part/section of a work |
Գիրք 1 ։ |
| Name of part/section of a work |
Սուրբ Օգոստինոսի մեկնագիտական հայեցակարգը / |
| Statement of responsibility, etc. |
Ռ. Քոչարյան ; [Գրախոսներ՝ բան․ գիտ․ դոկտոր, պրոֆ․ Ս․ Տ․ Զոլյան, փիլ․ գիտ․ դոկտոր, պրոֆ․ Ռ․ Ա․ Միրումյան ; Խմբագիր՝ փիլ․ գիտ․ դոկտոր, պրոֆ․ Ռ․ Զ․ Ջիջյան]․ |
| 246 15 - VARYING FORM OF TITLE |
| Title proper/short title |
Hermeneutics and history |
| 246 15 - VARYING FORM OF TITLE |
| Title proper/short title |
Герменевтика и стория |
| 260 ## - PUBLICATION, DISTRIBUTION, ETC. (IMPRINT) |
| Place of publication, distribution, etc. |
Երևան ։ |
| Name of publisher, distributor, etc. |
«Ասողիկ» հրատ․, |
| Date of publication, distribution, etc. |
2025․ |
| 300 ## - PHYSICAL DESCRIPTION |
| Extent |
600 էջ ։ |
| Other physical details |
նկ. ; |
| Dimensions |
25 սմ. |
| 504 ## - BIBLIOGRAPHY, ETC. NOTE |
| Bibliography, etc |
Գրականություն՝ 475-484 էջ։ |
| 600 04 - SUBJECT ADDED ENTRY--PERSONAL NAME |
| Personal name |
Օգոստինոս Երանելի, |
| Dates associated with a name |
354-430 |
| 650 14 - SUBJECT ADDED ENTRY--TOPICAL TERM |
| Topical term or geographic name as entry element |
Հերմենևտիկա |
| 650 14 - SUBJECT ADDED ENTRY--TOPICAL TERM |
| Topical term or geographic name as entry element |
Կրոն |
| 650 14 - SUBJECT ADDED ENTRY--TOPICAL TERM |
| Topical term or geographic name as entry element |
Հումանիտար գիտություններ |
| General subdivision |
Փիլիսոփայական հարցեր |
| 650 14 - SUBJECT ADDED ENTRY--TOPICAL TERM |
| Topical term or geographic name as entry element |
Գիտական գործունեություն |
| General subdivision |
Փիլիսոփայական հարցեր |
| 700 1# - ADDED ENTRY--PERSONAL NAME |
| Personal name |
Ջիջյան, Ռ․ Զ․ |
| Relator term |
խմբագիր |
| Relator code |
edt |
| 700 1# - ADDED ENTRY--PERSONAL NAME |
| Personal name |
Զոլյան, Սուրեն Տիգրանի |
| Relator term |
գրախոս |
| Relator code |
rev |
| 700 1# - ADDED ENTRY--PERSONAL NAME |
| Personal name |
Միրումյան, Ռ․ Ա․ |
| Relator term |
գրախոս |
| Relator code |
rev |
| 942 ## - ADDED ENTRY ELEMENTS (KOHA) |
| Source of classification or shelving scheme |
|
| Koha item type |
Books |